Nutrition science (Record no. 393644)

MARC details
000 -LEADER
fixed length control field 00490 a2200193 4500
005 - DATE & TIME
control field 20251218101111.0
008 - FIXED-LENGTH DATA ELEMENTS--GENERAL INFORMATION
fixed length control field 251218b |||||||| |||| 00| 0 eng d
020 ## - ISBN
International Standard Book Number 9789354662904
Price Rs. 450.00
040 ## - CATALOGING SOURCE
Original cataloging agency VIVEKANANDA LIBRARY
082 ## - DDC NUMBER
Classification number 641.1
Book Number G129N(2)
100 ## - MAIN ENTRY--PERSONAL NAME
Personal name Gajalakshmi, R
245 ## - TITLE STATEMENT
Title Nutrition science
250 ## - EDITION STATEMENT
Edition statement 2nd
260 ## - PUBLICATION, DISTRIBUTION, ETC. (IMPRINT)
Name of publisher, distributor, etc CBS Publishers and Distributors
Date of publication, distribution, etc 2024
Place of publication, distribution, etc New Delhi
300 ## - PHYSICAL DESCRIPTION
Pages xiv, 448
650 ## - Subject
Subject Nutrition
650 ## - Subject
Subject Dietetics-Nutrition
942 ## - ADDED ENTRY ELEMENTS (KOHA)
Koha item type Books
Holdings
Withdrawn status Lost status Source of classification or shelving scheme Damaged status Not for loan Location (home branch) Sublocation or collection (holding branch) Shelving location Date acquired Koha issues (times borrowed) Koha full call number Accession No. Koha date last seen Koha item type
    Dewey Decimal Classification     VIVEKANANDA LIBRARY VIVEKANANDA LIBRARY Vivekananda Library 04/12/2025   641.1 G129N(2) 443581 04/12/2025 Books
    Dewey Decimal Classification     VIVEKANANDA LIBRARY VIVEKANANDA LIBRARY Vivekananda Library 04/12/2025   641.1 G129N(2) 443580 04/12/2025 Books
    Dewey Decimal Classification     VIVEKANANDA LIBRARY VIVEKANANDA LIBRARY IHTM Library 09/03/2026   641.1 G129N(2) 425272 09/03/2026 Books
© Designed and Maintained by Vivekananda Library, MDU Rohtak